Guess the song #4 - Statistics

General Stats
  • This quiz has been taken 239 times
    210 since last reset
  • The average score is 89 of 199
Answer Stats
Answer % Correct
a
95%
the
87%
and
75%
to
75%
he
73%
it
69%
in
67%
on
66%
she
66%
that
54%
of
52%
they
50%
can
48%
for
48%
girl
48%
goes
47%
don't
46%
goin'
45%
Just
45%
just
45%
night
45%
boy
43%
world
42%
small
41%
town
40%
stop
39%
livin'
38%
my
38%
lonely
37%
midnight
37%
took
37%
train
37%
were
37%
down
36%
will
36%
anywhere
35%
believin'
35%
city
35%
some
34%
up
34%
feelin'
33%
born
32%
hold
32%
detroit
31%
south
31%
win
31%
people
30%
raised
30%
sing
30%
street
30%
time
30%
one
28%
cheap
27%
smell
27%
perfume
26%
never
25%
room
25%
smoky
25%
lights
24%
strangers
24%
their
24%
boulevard
23%
lose
23%
wine
23%
get
21%
more
20%
blues
19%
shadows
19%
singer
19%
waiting
19%
searching
18%
share
18%
find
17%
oh
15%
smile
15%
streetlight
15%
emotion
14%
somewhere
13%
ends
12%
hidin'
12%
roll
11%
wants
11%
anything
10%
dice
10%
hard
10%
movie
10%
everybody
9%
fill
9%
thrill
9%
workin'
7%
payin'
5%
tht
5%
No matching quizzes found
Score Distribution
Percent of People with Each Score
Percentile by Number Answered
Your Score History
You have not taken this quiz since the last reset